Statystyki dla Kraje najbliższe Bahrajnu - jednominutowy sprint

Kliknij tutaj aby rozwiązać quiz!

Ogólne statystyki

  • Ten quiz został rozwiązany 81 razy
  • Średni wynik to 13 z 20

Statystyki odpowiedzi

kmkraj% Poprawnych
0Arabia Saudyjska
97%
1Katar
95%
448Irak
92%
191Iran
92%
509Oman
92%
771Jemen
89%
158Zjednoczone
Emiraty Arabskie
85%
1283Syria
82%
322Kuwejt
78%
1325Turcja
74%
1088Pakistan
72%
1269Jordania
70%
1077Afganistan
58%
1449Egipt
53%
1447Armenia
43%
1356Azerbejdżan
42%
1513Erytrea
30%
1264Turkmenistan
28%
1513Somalia
26%
1449Sudan
22%

Rozkład punktacji

Percentyl według liczby udzielonych odpowiedzi

Procent ludzi z każdym wynikiem

Twoja historia wyników

Nie rozwiązałeś tego quizu